000 00615cam a22002053a 4500
001 39451
003 PGUSA
005 20140828083857.0
008 120414s2012||||xxu|||||s|||||000 | eng d
040 _aPGUSA
_beng
042 _adc
100 1 _aLea, Henry Charles,
_d1825-1909
245 1 2 _aA History of The Inquisition of The Middle Ages; volume I
_h[electronic resource] /
_cHenry Charles Lea
260 _bProject Gutenberg,
_c2012
506 _aPublic domain in the USA.
516 _aElectronic text
830 0 _aProject Gutenberg
_v39451
856 4 0 _uhttp://www.gutenberg.org/ebooks/39451
942 _cEB
999 _c268704
_d268704